Представление документа в формате MARC21

Поле Инд. ПП Название Значение
Тип записи a
Библиографический уровень m
001 Контрольный номер 49bb5eada34448bbbbf3180b13332b28
005 Дата корректировки 20191007120251.3
008 Кодируемые данные 190930|||||||||ru |||||||||||||||||rus||
020 a ISBN 978-5-86185-990-5
041 0_ a Код языка текста rus
084 a Индекс другой классификации/Индекс ББК 81.2Англ-923+20.1
090 a Полочн. индекс 81.2Англ-9
x Авторский знак Ц 18
100 1_ a Автор Царегородцева О. С.
245 10 a Заглавие Английский язык для экологов
b Продолж. заглавия учеб. пособие по дисциплинам "Иностранный язык", "Деловой английский язык", "Специальный английский язык" для обучающихся по направлению подгот. 05.04.06 "Экология и природопользование" (уровень магистратуры)
c Ответственность М-во науки и высш. образования Рос. Федерации, ФГБОУ ВО "Мурман. гос. техн. ун-т"
246 01 a Другая форма заглавия English For Ecologists
260 a Место издания Мурманск
b Издательство Изд-во МГТУ
c Дата издания 2019
300 a Объем 119 с.
b Иллюстрации/ тип воспроизводства ил.
504 a Библиография Библиогр.: с. 118-119
520 0_ a Аннотация Учебное пособие предназначено для магистров направления подготовки 05.04.06 "Экология и природопользование", изучающих английский язык. Его основной целью является развитие и совершенствование навыков аудирования и говорения. Представленный для просмотра материал аутентичен и составлен на основе неадаптированных новостей, предложенных американскими, британскими и канадскими СМИ. Тематика видеофрагментов охватывает актуальные вопросы экологической, социальной и экономической сферы. Данное пособие может быть использовано как для аудиторных занятий, так и для самостоятельной работы
583 x Служебное примечание Иностр. яз. ВПО
x Служебное примечание Экология и природопользование. ВПО
z Открытое примечание 05.04.06
650 04 a Основная рубрика Английский язык-Учебные издания для высших учебных заведений
650 04 a Основная рубрика Экология-Учебные издания для высших учебных заведений
653 0_ a Ключевые слова Английский язык
a Ключевые слова Английский язык для экологических специальностей
a Ключевые слова Труды преподавателей МГТУ
a Ключевые слова Экология
710 12 a Организация/ юрисдикция Мурманский государственный технический университет
901 t Тип документа m
952 b Гриф литературы для ВШ Допущено Ученым советом МГТУ
c Вид литературы учебное пособие